The Hunger Games Typing Challenge Quiz Stats

 Plays Quiz Updated Nov 21, 2013

Support Sporcle.
Go Orange.
Score 0/44 Timer 01:00
0 Plays Today
Type This Typed Word % Correct
????
100%
????
99.2%
????
98.6%
????
98.1%
????
97.8%
????
97.4%
????
97.1%
????
96.8%
????
96.5%
????
96.1%
????
95.8%
????
95.5%
????
95.1%
????
94.6%
????
94.1%
????
93.6%
????
93%
????
92.3%
????
91.5%
????
90.2%
????
88.9%
????
87.3%
Type This Typed Word % Correct
????
85.2%
????
83.4%
????
81.1%
????
78.3%
????
75.7%
????
73.3%
????
69.9%
????
65.7%
????
62%
????
58.1%
????
54.2%
????
49.7%
????
44.7%
????
39.4%
????
34.6%
????
29.4%
????
23.8%
????
19.3%
????
13.7%
????
9.3%
????
6.1%
????
3.6%

From the Vault

Amino Acid Abbreviations (3-letter)

by Loona

Science 60s
You might have to study a bit before tackling this one.
Remove Ads.
Support Sporcle.
Get the best of Sporcle when you Go Orange. This ad-free experience offers more features, more stats, and more fun while also helping to support Sporcle. Thank you for becoming a member.

Show Comments

Extras

Top Quizzes Today


Score Distribution

Your Account Isn't Verified!

In order to create a playlist on Sporcle, you need to verify the email address you used during registration. Go to your Sporcle Settings to finish the process.

Report this User

Report this user for behavior that violates our Community Guidelines.

Details: